000
00310nam a2200133Ia 4500
008
240624s9999 xx 000 0 und d
041
_a
eng
082
_a
823 DIV
100
_a
DIVAKARUNI CHITRA BANERJEE
245
_a
PALACE OF ILLUSIONS
260
_c
2009
_a
USA
_b
Picador
300
_a
384 : p.
365
_c
RS
999
_c
27681
_d
27681